[Event "EU-ch U16"]
[Site "Batumi"]
[Date "2010.09.21"]
[Round "2"]
[White "Petrosyan, Tigran S"]
[Black "Melnik, Igor2"]
[Result "1-0"]
[WhiteElo "2197"]
[BlackElo "2038"]
[PlyCount "105"]
[EventDate "2010.09.20"]
[EventType "swiss"]
[EventRounds "9"]
[EventCountry "GEO"]
[SourceTitle "CBM 138 Extra"]
[Source "ChessBase"]
[SourceDate "2010.10.29"]
[SourceVersion "1"]
[SourceVersionDate "2010.10.29"]
[SourceQuality "1"]

1. e4 e5 2. Nf3 Nc6 3. Bb5 a6 4. Bxc6 dxc6 5. O-O Qf6 6. d4 exd4 7. Bg5 Qd6 8.
Nxd4 Be7 9. Bxe7 Nxe7 10. Nc3 O-O 11. Nde2 Be6 12. Qd4 Qxd4 13. Nxd4 Bc4 14.
Rfd1 Rfd8 15. Nf3 Ng6 16. Nd2 Be6 17. Nf1 Kf8 18. Ne3 Ke7 19. g3 f6 20. f4 Nf8
21. Rxd8 Rxd8 22. Rd1 Rxd1+ 23. Nexd1 Nd7 24. Kf2 Kd6 25. Ke3 b5 26. a3 c5 27.
Nb1 a5 28. Nd2 b4 29. c4 Nb6 30. Kd3 Na4 31. Kc2 Nb6 32. Ne3 c6 33. Kb3 a4+ 34.
Kc2 Nd7 35. Kd3 g6 36. g4 g5 37. e5+ Kc7 38. fxg5 fxg5 39. Ke4 Nb6 40. h3 Kd8
41. Kd3 Ke8 42. Ne4 Nd7 43. Nxg5 Nxe5+ 44. Ke4 Nxc4 45. Nxe6 Nxb2 46. Nxc5 bxa3
47. Nc2 a2 48. Nd3 Nd1 49. h4 Ke7 50. Ndb4 Nc3+ 51. Kd3 Nd5 52. Nxa2 c5 53. Nc3
1-0

[Event "EU-ch U16"]
[Site "Batumi"]
[Date "2010.09.22"]
[Round "3"]
[White "Mammadov, Zaur Fazahir Oglu"]
[Black "Petrosyan, Tigran S"]
[Result "1-0"]
[WhiteElo "2427"]
[BlackElo "2197"]
[PlyCount "85"]
[EventDate "2010.09.20"]
[EventType "swiss"]
[EventRounds "9"]
[EventCountry "GEO"]
[SourceTitle "CBM 138 Extra"]
[Source "ChessBase"]
[SourceDate "2010.10.29"]
[SourceVersion "1"]
[SourceVersionDate "2010.10.29"]
[SourceQuality "1"]

1. e4 e5 2. Nf3 Nc6 3. Bb5 a6 4. Ba4 Nf6 5. Nc3 b5 6. Bb3 Be7 7. a4 b4 8. Nd5
d6 9. O-O Na5 10. Nxf6+ Bxf6 11. Bd5 c6 12. Ba2 O-O 13. d4 exd4 14. Nxd4 Re8
15. Qd3 Qc7 16. Rd1 c5 17. Bd5 Rb8 18. Nf3 Bb7 19. Bf4 Bxb2 20. Bxd6 c4 21. Qe3
Qxd6 22. Bxf7+ Kxf7 23. Rxd6 Bxa1 24. Qc5 Kg8 25. Rd1 Bc3 26. Qxa5 Rbc8 27. h3
Bxe4 28. Ng5 Bg6 29. Qd5+ Kh8 30. Nf7+ Bxf7 31. Qxf7 Bf6 32. g4 Rf8 33. Qb7 a5
34. Qb5 Rfe8 35. g5 Be5 36. Rd5 Ba1 37. Rc5 b3 38. cxb3 c3 39. Rxc8 Rxc8 40.
Qa6 Re8 41. Qxa5 Bb2 42. Qc5 Kg8 43. a5 1-0

[Event "EU-ch U16"]
[Site "Batumi"]
[Date "2010.09.23"]
[Round "4"]
[White "Petrosyan, Tigran S"]
[Black "Orujov, Shujaat Ismiali"]
[Result "1/2-1/2"]
[WhiteElo "2197"]
[BlackElo "2098"]
[PlyCount "142"]
[EventDate "2010.09.20"]
[EventType "swiss"]
[EventRounds "9"]
[EventCountry "GEO"]
[SourceTitle "CBM 138 Extra"]
[Source "ChessBase"]
[SourceDate "2010.10.29"]
[SourceVersion "1"]
[SourceVersionDate "2010.10.29"]
[SourceQuality "1"]

1. e4 e5 2. Nf3 Nc6 3. Bb5 a6 4. Ba4 Nf6 5. O-O Be7 6. Re1 b5 7. Bb3 O-O 8. a4
b4 9. d4 d6 10. dxe5 dxe5 11. Qxd8 Rxd8 12. Nbd2 Bb7 13. Nc4 Nd7 14. Be3 h6 15.
Rad1 Bf6 16. a5 Nf8 17. Ba4 Ne6 18. c3 bxc3 19. bxc3 Rab8 20. Kf1 Ba8 21. h3 g5
22. Bxc6 Bxc6 23. Ncxe5 Rxd1 24. Rxd1 Bxe5 25. Nxe5 Bxe4 26. Nd7 Rb1 27. Rxb1
Bxb1 28. Ke2 f5 29. f3 Kf7 30. Nb8 Ke7 31. Nxa6 Kd6 32. Nb4 c5 33. Nd3 Ba2 34.
Nb2 Bd5 35. c4 Ba8 36. Kd3 Bc6 37. Nd1 Bb7 38. Nc3 Bc6 39. Ne2 Kc7 40. Bd2 f4
41. Nc3 Kd6 42. Ne4+ Kc7 43. Bc3 Be8 44. Nf6 Bg6+ 45. Kd2 Kb7 46. Ng4 h5 47.
Ne5 Bf5 48. Nf7 Bg6 49. Nd6+ Ka6 50. Ne4 Bf5 51. Nf2 Bg6 52. Nd3 Bf5 53. Ne5
Kb7 54. Ke2 Ka6 55. Ke1 Nd8 56. Kd2 Ne6 57. Nf7 Bg6 58. Nd6 Bh7 59. Ke2 Bg6 60.
Kf2 Bd3 61. g3 fxg3+ 62. Kxg3 Nd8 63. h4 gxh4+ 64. Kxh4 Nb7 65. Nxb7 Kxb7 66.
Kg5 Bxc4 67. f4 Bf7 68. f5 Be8 69. f6 Bf7 70. Be1 Ka6 71. Kf5 Kb5 1/2-1/2

[Event "EU-ch U16"]
[Site "Batumi"]
[Date "2010.09.24"]
[Round "6"]
[White "Petrosyan, Tigran S"]
[Black "Denesh, Nadav"]
[Result "1-0"]
[WhiteElo "2197"]
[BlackElo "2002"]
[PlyCount "98"]
[EventDate "2010.09.20"]
[EventType "swiss"]
[EventRounds "9"]
[EventCountry "GEO"]
[SourceTitle "CBM 138 Extra"]
[Source "ChessBase"]
[SourceDate "2010.10.29"]
[SourceVersion "1"]
[SourceVersionDate "2010.10.29"]
[SourceQuality "1"]

1. Nf3 Nf6 2. g3 g6 3. Bg2 Bg7 4. O-O O-O 5. c4 e6 6. d4 d5 7. Qc2 c6 8. Rd1
Nbd7 9. Nbd2 Re8 10. e4 dxe4 11. Nxe4 Nxe4 12. Qxe4 Nf6 13. Qc2 Bd7 14. Bf4 Rc8
15. Rac1 Nh5 16. Bd6 Bf8 17. Bxf8 Rxf8 18. Ne5 Qe7 19. Qa4 Be8 20. Qxa7 f6 21.
Nd3 Bf7 22. Nc5 Rc7 23. Qb6 Rfc8 24. b4 Ng7 25. Re1 Nf5 26. Nxe6 Bxe6 27. d5
cxd5 28. Rxe6 Rc6 29. Rxe7 Rxb6 30. Bxd5+ Kh8 31. Rxb7 Rxb7 32. Bxb7 Rb8 33.
Ba6 Rxb4 34. c5 Ra4 35. Bb7 Nd4 36. Kg2 Rxa2 37. c6 Nxc6 38. Bxc6 Rd2 39. Kf3
Kg7 40. Ke3 Rb2 41. Bd5 h5 42. Rc7+ Kh6 43. h4 Rb5 44. Bg8 g5 45. Bc4 Re5+ 46.
Kd4 gxh4 47. gxh4 Rf5 48. Bd3 Rf4+ 49. Ke3 Rxh4 1-0

[Event "EU-ch U16"]
[Site "Batumi"]
[Date "2010.09.26"]
[Round "7"]
[White "Pluzyan, Aram"]
[Black "Petrosyan, Tigran S"]
[Result "1/2-1/2"]
[WhiteElo "2089"]
[BlackElo "2197"]
[PlyCount "149"]
[EventDate "2010.09.20"]
[EventType "swiss"]
[EventRounds "9"]
[EventCountry "GEO"]
[SourceTitle "CBM 138 Extra"]
[Source "ChessBase"]
[SourceDate "2010.10.29"]
[SourceVersion "1"]
[SourceVersionDate "2010.10.29"]
[SourceQuality "1"]

1. e4 e5 2. Nf3 Nc6 3. Bc4 Bc5 4. c3 Nf6 5. d3 a6 6. Bb3 Ba7 7. Nbd2 O-O 8. Nf1
d5 9. Qe2 dxe4 10. dxe4 Ng4 11. Ne3 Nxe3 12. Bxe3 Bxe3 13. Qxe3 Qe7 14. O-O Na5
15. Bc2 Nc4 16. Qe2 Qc5 17. Bd3 Nb6 18. Rac1 f6 19. Nd2 Be6 20. b4 Qe7 21. Nb3
Bf7 22. Rfd1 Rfd8 23. Na5 Rab8 24. a3 Rd7 25. Qe3 Na4 26. Be2 c5 27. Rxd7 Qxd7
28. Rd1 Qc7 29. Bg4 h5 30. Rd7 Qb6 31. Bd1 Qb5 32. Qd2 Nxc3 33. Rxf7 Nxd1 34.
Rc7 cxb4 35. axb4 Qb6 36. Rd7 Nxf2 37. Qa2+ Kh8 38. Qxf2 Qxb4 39. Qe2 Qc5+ 40.
Kh1 Qc1+ 41. Rd1 Qc7 42. Qxh5+ Kg8 43. Nb3 b5 44. Rc1 Qb6 45. Qe2 a5 46. Qa2
Qe6 47. Rc6 Qf7 48. Qc2 a4 49. Nd2 Qd7 50. Qa2+ Qf7 51. Qc2 Rd8 52. Rc8 Rxc8
53. Qxc8+ Kh7 54. Qh3+ Kg8 55. Qa3 Qd7 56. Qb4 Qd3 57. h3 a3 58. Qb3+ Qxb3 59.
Nxb3 g6 60. Kg1 Kf7 61. Kf2 f5 62. Ke3 a2 63. Kf3 Kf6 64. g4 Kg5 65. exf5 gxf5
66. h4+ Kg6 67. g5 b4 68. Ke3 e4 69. Kf4 Kh5 70. Na1 Kg6 71. Nb3 Kh5 72. Ke3
Kg6 73. Kd4 Kh5 74. Na1 Kg6 75. Kc4 1/2-1/2

[Event "EU-ch U16"]
[Site "Batumi"]
[Date "2010.09.27"]
[Round "8"]
[White "Petrosyan, Tigran S"]
[Black "Kigel, Dmytro"]
[Result "1/2-1/2"]
[WhiteElo "2197"]
[BlackElo "2131"]
[PlyCount "136"]
[EventDate "2010.09.20"]
[EventType "swiss"]
[EventRounds "9"]
[EventCountry "GEO"]
[SourceTitle "CBM 138 Extra"]
[Source "ChessBase"]
[SourceDate "2010.10.29"]
[SourceVersion "1"]
[SourceVersionDate "2010.10.29"]
[SourceQuality "1"]

1. e4 Nc6 2. Nf3 d6 3. d4 Nf6 4. Nc3 g6 5. h3 Bg7 6. Be3 O-O 7. Qd2 a6 8. Be2
e5 9. d5 Ne7 10. g4 Ne8 11. O-O-O b5 12. Rdg1 Bb7 13. Bh6 c6 14. Bxg7 Kxg7 15.
dxc6 Bxc6 16. h4 h6 17. h5 g5 18. Nxg5 hxg5 19. Qxg5+ Ng6 20. Qxd8 Rxd8 21.
hxg6 fxg6 22. f3 Nc7 23. a3 Ne6 24. Bd1 Ng5 25. Rg3 Rh8 26. Rxh8 Rxh8 27. Rg2
Kf6 28. Kd2 Ne6 29. Ke3 Rh1 30. Rd2 Ke7 31. Ne2 Rh3 32. c3 Ng5 33. Ng1 Rh1 34.
Kf2 Rh2+ 35. Ke1 Rh1 36. Kf1 Ne6 37. Kg2 Rh8 38. Nh3 a5 39. Bb3 Nc5 40. Bd5
Bxd5 41. Rxd5 Rb8 42. f4 Nd7 43. g5 exf4 44. Nxf4 Ne5 45. Rd4 Kd7 46. Kg3 Kc6
47. Nd3 Nf7 48. Rd5 Re8 49. Kf4 Rh8 50. a4 bxa4 51. Rxa5 Rh4+ 52. Ke3 Rg4 53.
Rxa4 Nxg5 54. Rc4+ Kb5 55. Rd4 Nf7 56. e5 Rxd4 57. Kxd4 dxe5+ 58. Nxe5 Nd6 59.
Nxg6 Ka4 60. Kc5 Nb7+ 61. Kb6 Na5 62. b4 Nc4+ 63. Kc5 Kb3 64. b5 Kxc3 65. Ne7
Ne5 66. Kd5 Nd7 67. Nc6 Nb6+ 68. Kc5 Na4+ 1/2-1/2

[Event "EU-ch U16"]
[Site "Batumi"]
[Date "2010.09.28"]
[Round "9"]
[White "Petrosyan, Tigran S"]
[Black "Holland, James P"]
[Result "1/2-1/2"]
[WhiteElo "2197"]
[BlackElo "2034"]
[PlyCount "66"]
[EventDate "2010.09.20"]
[EventType "swiss"]
[EventRounds "9"]
[EventCountry "GEO"]
[SourceTitle "CBM 138 Extra"]
[Source "ChessBase"]
[SourceDate "2010.10.29"]
[SourceVersion "1"]
[SourceVersionDate "2010.10.29"]
[SourceQuality "1"]

1. e4 c5 2. Nf3 d6 3. d4 cxd4 4. Nxd4 Nf6 5. Nc3 g6 6. Be3 Bg7 7. f3 Nc6 8. Qd2
O-O 9. O-O-O d5 10. exd5 Nxd5 11. Nxc6 bxc6 12. Bd4 e5 13. Bc5 Be6 14. Ne4 Re8
15. h4 h6 16. g4 Qc7 17. g5 h5 18. Bc4 Red8 19. Qf2 Rab8 20. Bxa7 Rb4 21. Bb3
Qa5 22. a3 Rb5 23. Rd3 Ra8 24. Be3 Rab8 25. Rhd1 Bf8 26. Bd2 Qa8 27. Nc3 Qxa3
28. bxa3 Bxa3+ 29. Kb1 Rxb3+ 30. cxb3 Rxb3+ 31. Ka1 Bb2+ 32. Kb1 Ba3+ 33. Ka1
Bb2+ 1/2-1/2

[Event "World ol U16"]
[Site "Burdur"]
[Date "2010.11.27"]
[Round "1"]
[White "Petrosyan, Tigran S"]
[Black "Gurtgeldiyeva, Abadan"]
[Result "1-0"]
[WhiteElo "2238"]
[BlackElo "1655"]
[PlyCount "119"]
[EventDate "2010.11.27"]
[EventType "team-swiss"]
[EventRounds "10"]
[EventCountry "TUR"]
[SourceTitle "CBM 139 Extra"]
[Source "ChessBase"]
[SourceDate "2011.01.05"]
[SourceVersion "1"]
[SourceVersionDate "2011.01.05"]
[SourceQuality "1"]
[WhiteTeam "Armenia"]
[BlackTeam "Turkmenistan II"]
[WhiteTeamCountry "ARM"]
[BlackTeamCountry "TKM"]

1. e4 e5 2. Nf3 Nc6 3. Bb5 a6 4. Bxc6 dxc6 5. O-O Bd6 6. d4 Bg4 7. dxe5 Bxf3 8.
Qxf3 Bxe5 9. Nd2 Qf6 10. Qb3 b5 11. Nf3 h6 12. Bd2 Ne7 13. Nxe5 Qxe5 14. Bc3
Qg5 15. f4 Qc5+ 16. Kh1 O-O 17. Bb4 Qb6 18. Bxe7 Rfe8 19. Qb4 a5 20. Qc5 Qxc5
21. Bxc5 Rxe4 22. c3 Rae8 23. a4 Re2 24. b4 axb4 25. cxb4 bxa4 26. Rxa4 Rc2 27.
Ra3 Ree2 28. Rg3 f6 29. h3 Rcd2 30. Ra1 Kf7 31. Ra8 g6 32. Rf8+ Kg7 33. Rc8 Rd7
34. f5 g5 35. Re3 Rxe3 36. Bxe3 Kf7 37. Bc5 Rd5 38. Rxc7+ Ke8 39. Rxc6 Rxf5 40.
Rc7 h5 41. b5 Kd8 42. b6 Rf1+ 43. Kh2 Rb1 44. Be7+ Ke8 45. b7 Rb6 46. Bc5 Rb5
47. Rc8+ Kd7 48. b8=Q Rxb8 49. Rxb8 Ke6 50. Rb6+ Kf7 51. Bd4 f5 52. Kg3 Ke7 53.
h4 gxh4+ 54. Kf4 Kd7 55. Kxf5 Kc7 56. Ke6 h3 57. gxh3 h4 58. Be3 Kd8 59. Bf4
Kc8 60. Rb8# 1-0

[Event "World ol U16"]
[Site "Burdur"]
[Date "2010.11.29"]
[Round "4"]
[White "Biazliudau, Stanislau"]
[Black "Petrosyan, Tigran S"]
[Result "1-0"]
[WhiteElo "2205"]
[BlackElo "2238"]
[PlyCount "120"]
[EventDate "2010.11.27"]
[EventType "team-swiss"]
[EventRounds "10"]
[EventCountry "TUR"]
[SourceTitle "CBM 139 Extra"]
[Source "ChessBase"]
[SourceDate "2011.01.05"]
[SourceVersion "1"]
[SourceVersionDate "2011.01.05"]
[SourceQuality "1"]
[WhiteTeam "Belarus"]
[BlackTeam "Armenia"]
[WhiteTeamCountry "BLR"]
[BlackTeamCountry "ARM"]

1. c4 e6 2. Nf3 Nf6 3. g3 d5 4. Bg2 Be7 5. O-O O-O 6. b3 c5 7. cxd5 Nxd5 8. Bb2
Nc6 9. Nc3 Bf6 10. Qc1 Nxc3 11. Bxc3 Nd4 12. Re1 Rb8 13. Nxd4 Bxd4 14. e3 Bxc3
15. dxc3 b5 16. c4 b4 17. Rd1 Qb6 18. Rd3 Rd8 19. Qd2 Bb7 20. Bxb7 Rxd3 21.
Qxd3 Qxb7 22. Rd1 h6 23. Qd7 Qa6 24. Qd6 Qxd6 25. Rxd6 Rb6 26. Rd8+ Kh7 27. Rc8
Ra6 28. Rxc5 Rxa2 29. Rb5 a5 30. c5 a4 31. Rxb4 axb3 32. Rxb3 Rc2 33. Rb7 Rxc5
34. Rxf7 Kg6 35. Ra7 Kf6 36. Kg2 Rc4 37. Rd7 Rc2 38. e4 Rc5 39. Rd2 Ke5 40. f3
Ra5 41. Kh3 Ra3 42. Kg4 h5+ 43. Kxh5 Rxf3 44. Re2 Kd4 45. e5 Rf5+ 46. Kg6 Rxe5
47. Ra2 Ke3 48. Kxg7 Kf3 49. Kf6 Re1 50. Ra3+ Kg4 51. Ra5 Re2 52. Rg5+ Kh3 53.
Rh5+ Kg4 54. Rh4+ Kf3 55. g4 e5 56. g5 e4 57. g6 Rg2 58. g7 e3 59. Rh5 Kf4 60.
Rh8 Ke4 1-0

[Event "Jermuk Asrian Memorial 4th"]
[Site "Jermuk"]
[Date "2011.06.16"]
[Round "1"]
[White "Gleizerov, Evgeny"]
[Black "Petrosyan, Tigran S"]
[Result "1-0"]
[WhiteElo "2600"]
[BlackElo "2236"]
[PlyCount "127"]
[EventDate "2011.06.16"]
[EventType "swiss"]
[EventRounds "9"]
[EventCountry "ARM"]
[SourceTitle "CBM 143 Extra"]
[Source "ChessBase"]
[SourceDate "2011.08.29"]
[SourceVersion "1"]
[SourceVersionDate "2011.08.29"]
[SourceQuality "1"]

1. d4 d5 2. c4 c6 3. Nf3 Nf6 4. Nc3 e6 5. g3 dxc4 6. Bg2 b5 7. O-O Bb7 8. e4
Be7 9. Qe2 O-O 10. Rd1 Nbd7 11. h4 b4 12. e5 bxc3 13. exf6 Nxf6 14. bxc3 c5 15.
dxc5 Qc7 16. Qxc4 Bxc5 17. Be3 Rac8 18. Bxc5 Qxc5 19. Qxc5 Rxc5 20. Rac1 Bd5
21. Nd2 Rfc8 22. c4 Kf8 23. Bf1 R5c7 24. Rb1 Be4 25. Rb2 Rd8 26. Rc1 Rcd7 27.
Nxe4 Nxe4 28. c5 Rd1 29. Rxd1 Rxd1 30. c6 Rc1 31. Rb7 a5 32. c7 Ke8 33. Kg2 Kd7
34. c8=Q+ Kxc8 35. Rxf7 Rc7 36. Rf4 Nc3 37. Bc4 e5 38. Be6+ Kb7 39. Rf5 Kc6 40.
Rxe5 Kd6 41. Re3 Nd5 42. Bxd5 Kxd5 43. Ra3 Ra7 44. Ra4 Kc5 45. g4 Kb5 46. Re4
Rd7 47. a4+ Kc5 48. Kg3 g6 49. Kf4 Rf7+ 50. Kg5 Rxf2 51. Re7 h5 52. gxh5 gxh5
53. Re5+ Kb4 54. Re4+ Kb3 55. Kxh5 Rf8 56. Kg6 Rg8+ 57. Kh6 Rg1 58. h5 Rh1 59.
Kg6 Rg1+ 60. Kf5 Rg8 61. h6 Rh8 62. Kg6 Rg8+ 63. Kf7 Rg1 64. Rh4 1-0

[Event "Jermuk Asrian Memorial 4th"]
[Site "Jermuk"]
[Date "2011.06.21"]
[Round "6"]
[White "Petrosian, Davit Gevorgi"]
[Black "Petrosyan, Tigran S"]
[Result "1-0"]
[WhiteElo "2480"]
[BlackElo "2236"]
[PlyCount "81"]
[EventDate "2011.06.16"]
[EventType "swiss"]
[EventRounds "9"]
[EventCountry "ARM"]
[SourceTitle "CBM 143 Extra"]
[Source "ChessBase"]
[SourceDate "2011.08.29"]
[SourceVersion "1"]
[SourceVersionDate "2011.08.29"]
[SourceQuality "1"]

1. e4 e5 2. Nf3 Nc6 3. d4 exd4 4. Nxd4 Bc5 5. Nxc6 bxc6 6. Bd3 Qh4 7. Qe2 Nf6
8. h3 d5 9. g3 Qh5 10. Qxh5 Nxh5 11. Nc3 O-O 12. g4 Nf6 13. Be3 Bb6 14. exd5
Nxd5 15. Nxd5 cxd5 16. Bxb6 axb6 17. Kd2 Bb7 18. Rhe1 Rfe8 19. Rxe8+ Rxe8 20.
g5 h6 21. h4 Kf8 22. gxh6 gxh6 23. b4 Ra8 24. a4 Ke7 25. Ke3 Kd6 26. Kf4 c5 27.
c3 d4 28. bxc5+ Kxc5 29. cxd4+ Kxd4 30. Bb5 Ba6 31. Rd1+ Kc5 32. Rc1+ Kb4 33.
Rc4+ Kb3 34. Rc6 Bxb5 35. axb5 Rb8 36. Rxh6 Kc4 37. Rh5 f6 38. Rf5 Rd8 39. h5
Rd1 40. Kg3 Rh1 41. Rf4+ 1-0

[Event "ARM-ch 1st League 72nd"]
[Site "Kajaran"]
[Date "2011.08.18"]
[Round "1"]
[White "Petrosyan, Tigran S"]
[Black "Hayrapetyan, Arman"]
[Result "0-1"]
[WhiteElo "2244"]
[BlackElo "2360"]
[PlyCount "86"]
[EventDate "2011.08.18"]
[EventType "tourn"]
[EventRounds "13"]
[EventCountry "ARM"]
[EventCategory "7"]
[SourceTitle "CBM 144 Extra"]
[Source "ChessBase"]
[SourceDate "2011.10.28"]
[SourceVersion "1"]
[SourceVersionDate "2011.10.28"]
[SourceQuality "1"]

1. e4 e5 2. Nf3 d6 3. d4 Nd7 4. Bc4 c6 5. O-O Be7 6. c3 Ngf6 7. Re1 O-O 8. Bb3
b6 9. Nbd2 Bb7 10. Nf1 c5 11. d5 b5 12. Bc2 c4 13. b4 a5 14. Ba3 a4 15. Ng3 g6
16. h3 Ne8 17. Bc1 Ng7 18. Bh6 Kh8 19. Qd2 Nf6 20. Rad1 Ng8 21. Be3 f5 22. exf5
gxf5 23. Bg5 Bxg5 24. Nxg5 Qf6 25. Ne6 Ne7 26. Nxf8 Rxf8 27. Qe3 Nxd5 28. Qa7
Qf7 29. Nxf5 Nxf5 30. Bxf5 Nxc3 31. Rd2 Qg7 32. Bg4 h5 33. Rxd6 hxg4 34. Qe3
Ne4 35. Rh6+ Kg8 36. Qb6 Nf6 37. Qe6+ Rf7 38. Rh4 Qg5 39. g3 Bd5 40. Qxe5 Qxe5
41. Rxe5 c3 42. hxg4 c2 43. Re1 Bf3 0-1

[Event "ARM-ch 1st League 72nd"]
[Site "Kajaran"]
[Date "2011.08.19"]
[Round "2"]
[White "Petrosian, Davit Gevorgi"]
[Black "Petrosyan, Tigran S"]
[Result "1/2-1/2"]
[WhiteElo "2478"]
[BlackElo "2244"]
[PlyCount "81"]
[EventDate "2011.08.18"]
[EventType "tourn"]
[EventRounds "13"]
[EventCountry "ARM"]
[EventCategory "7"]
[SourceTitle "CBM 144 Extra"]
[Source "ChessBase"]
[SourceDate "2011.10.28"]
[SourceVersion "1"]
[SourceVersionDate "2011.10.28"]
[SourceQuality "1"]

1. e4 e5 2. Nf3 Nc6 3. d4 exd4 4. Nxd4 Bc5 5. Be3 Qf6 6. c3 Nge7 7. Bc4 O-O 8.
O-O b6 9. b4 Bxd4 10. cxd4 d5 11. exd5 Nxb4 12. Nc3 b5 13. Qb3 bxc4 14. Qxb4
Rd8 15. Rfe1 Nxd5 16. Nxd5 Rxd5 17. Qxc4 Qd8 18. Rec1 Be6 19. Qxc7 Qf6 20. Rab1
h6 21. Rb8+ Rxb8 22. Qxb8+ Qd8 23. Qxd8+ Rxd8 24. a3 Rd5 25. h3 Kf8 26. Kh2 Ke8
27. g4 Ra5 28. Rc3 h5 29. f3 hxg4 30. fxg4 g5 31. Kg3 a6 32. Kf3 Bd5+ 33. Kf2
f6 34. Bd2 Kd7 35. Re3 Rb5 36. Bb4 Be6 37. Rf3 f5 38. gxf5 Rxf5 39. Rxf5 Bxf5
40. Kg3 Ke6 41. Bd2 1/2-1/2

[Event "ARM-ch 1st League 72nd"]
[Site "Kajaran"]
[Date "2011.08.20"]
[Round "3"]
[White "Petrosyan, Tigran S"]
[Black "Kalashian, David"]
[Result "0-1"]
[WhiteElo "2244"]
[BlackElo "2410"]
[PlyCount "138"]
[EventDate "2011.08.18"]
[EventType "tourn"]
[EventRounds "13"]
[EventCountry "ARM"]
[EventCategory "7"]
[SourceTitle "CBM 144 Extra"]
[Source "ChessBase"]
[SourceDate "2011.10.28"]
[SourceVersion "1"]
[SourceVersionDate "2011.10.28"]
[SourceQuality "1"]

1. e4 c5 2. Nf3 d6 3. d4 cxd4 4. Nxd4 Nf6 5. Nc3 a6 6. Be2 e6 7. a4 Nc6 8. O-O
Be7 9. Be3 O-O 10. f4 Qc7 11. Bf3 Re8 12. Kh1 Nxd4 13. Qxd4 e5 14. Qd2 exf4 15.
Bxf4 Be6 16. a5 Rac8 17. Rf2 Nd7 18. Nd5 Bxd5 19. Qxd5 Qc5 20. Qxc5 Rxc5 21.
Rd2 Ne5 22. Bxe5 Rxe5 23. Kg1 Rc8 24. c3 Rcc5 25. Kf2 Rxa5 26. Rxa5 Rxa5 27.
Bd1 g6 28. Bb3 Kg7 29. Ke2 Rh5 30. h3 Rg5 31. Kf3 Rb5 32. Bd5 Bf6 33. Ke2 Be5
34. Kd3 a5 35. Bc4 Rb6 36. Rf2 f6 37. Bd5 a4 38. Kc4 Kh6 39. Be6 a3 40. bxa3
Rc6+ 41. Kb5 Rxc3 42. a4 Rc1 43. a5 Kg5 44. Ra2 Kf4 45. Bg8 h6 46. Bf7 g5 47.
Bd5 Rb1+ 48. Kc4 Kg3 49. Kd3 Rb5 50. Kc4 Rb1 51. Kd3 Rb4 52. Be6 h5 53. Bf7 h4
54. Be6 Bb2 55. Kc2 Bd4 56. Bd5 Be5 57. Kd1 Rb5 58. Be6 Bf4 59. Bc4 Rb4 60. Bd5
f5 61. Bxb7 Rb1+ 62. Ke2 Rxb7 63. a6 Rb8 64. a7 Ra8 65. exf5 Kxg2 66. f6 Be5
67. f7 Bg7 68. Ra5 Bh6 69. Rf5 Kxh3 0-1

[Event "ARM-ch 1st League 72nd"]
[Site "Kajaran"]
[Date "2011.08.21"]
[Round "4"]
[White "Minasian, Ara"]
[Black "Petrosyan, Tigran S"]
[Result "1/2-1/2"]
[WhiteElo "2452"]
[BlackElo "2244"]
[PlyCount "130"]
[EventDate "2011.08.18"]
[EventType "tourn"]
[EventRounds "13"]
[EventCountry "ARM"]
[EventCategory "7"]
[SourceTitle "CBM 144 Extra"]
[Source "ChessBase"]
[SourceDate "2011.10.28"]
[SourceVersion "1"]
[SourceVersionDate "2011.10.28"]
[SourceQuality "1"]

1. c4 e5 2. Nc3 Nf6 3. g3 Bb4 4. Nf3 e4 5. Nd4 Bxc3 6. dxc3 O-O 7. Bg2 h6 8.
O-O d6 9. Nc2 Nbd7 10. Ne3 b6 11. Qc2 Bb7 12. Rd1 Re8 13. Nd5 Nxd5 14. cxd5 f5
15. c4 a5 16. b3 Ne5 17. h3 Qf6 18. Be3 Ng6 19. Qd2 Ne5 20. f4 exf3 21. exf3
Qg6 22. Kf2 Re7 23. f4 Nd7 24. Bd4 Nf6 25. Re1 Rae8 26. Rxe7 Rxe7 27. Re1 Qf7
28. Rxe7 Qxe7 29. Qe3 Qxe3+ 30. Kxe3 Kf7 31. Bf3 Bc8 32. a3 g6 33. Bc3 Ne4 34.
Be1 h5 35. b4 axb4 36. axb4 Nf6 37. Kd4 Ba6 38. Bd1 Ke7 39. Bc2 Bc8 40. c5
bxc5+ 41. bxc5 Bb7 42. Bb3 Ba6 43. Ba5 Ne4 44. c6 Kd8 45. g4 hxg4 46. hxg4 Be2
47. gxf5 gxf5 48. Bc2 Bf3 49. Be1 Ke7 50. Bh4+ Nf6 51. Bd3 Kf7 52. Ba6 Bg2 53.
Bc4 Bf3 54. Bd3 Bg2 55. Bb1 Bf3 56. Ba2 Bg2 57. Be1 Ke7 58. Bc4 Bf3 59. Ba5 Kd8
60. Be1 Ke7 61. Bh4 Kf7 62. Bd3 Bg2 63. Be2 Be4 64. Bb5 Bg2 65. Be1 Ke7 1/2-1/2

[Event "ARM-ch 1st League 72nd"]
[Site "Kajaran"]
[Date "2011.08.22"]
[Round "5"]
[White "Petrosyan, Tigran S"]
[Black "Hayrapetyan, Hovik"]
[Result "1-0"]
[WhiteElo "2244"]
[BlackElo "2406"]
[PlyCount "81"]
[EventDate "2011.08.18"]
[EventType "tourn"]
[EventRounds "13"]
[EventCountry "ARM"]
[EventCategory "7"]
[SourceTitle "CBM 144 Extra"]
[Source "ChessBase"]
[SourceDate "2011.10.28"]
[SourceVersion "1"]
[SourceVersionDate "2011.10.28"]
[SourceQuality "1"]

1. d4 Nf6 2. c4 e6 3. Nf3 b6 4. g3 Bb4+ 5. Bd2 Bxd2+ 6. Qxd2 Bb7 7. Nc3 O-O 8.
Bg2 d6 9. O-O Ne4 10. Nxe4 Bxe4 11. Rfe1 Nd7 12. Qf4 Nf6 13. Bh3 Qe7 14. Rad1
Rae8 15. Qe3 Bb7 16. Qa3 a5 17. Bg2 Ne4 18. Qd3 e5 19. Nd2 exd4 20. Qxd4 f5 21.
e3 Rf6 22. h4 Rh6 23. Nf3 Rg6 24. Ng5 h6 25. Nh3 Rg4 26. Nf4 g5 27. Nd5 Qf7 28.
f3 c5 29. Qd3 Rxg3 30. fxe4 gxh4 31. Kh2 Qg7 32. Rg1 Qe5 33. Nf4 d5 34. cxd5
Kh7 35. Qc3 Qd6 36. Bh3 Bc8 37. Rxg3 hxg3+ 38. Kxg3 Rxe4 39. Kf3 Qe7 40. Rg1
Rxf4+ 41. exf4 1-0

[Event "ARM-ch 1st League 72nd"]
[Site "Kajaran"]
[Date "2011.08.23"]
[Round "6"]
[White "Grigoryan, Karen H"]
[Black "Petrosyan, Tigran S"]
[Result "1-0"]
[WhiteElo "2473"]
[BlackElo "2244"]
[PlyCount "103"]
[EventDate "2011.08.18"]
[EventType "tourn"]
[EventRounds "13"]
[EventCountry "ARM"]
[EventCategory "7"]
[SourceTitle "CBM 144 Extra"]
[Source "ChessBase"]
[SourceDate "2011.10.28"]
[SourceVersion "1"]
[SourceVersionDate "2011.10.28"]
[SourceQuality "1"]

1. e4 e5 2. Nf3 Nc6 3. d4 exd4 4. Nxd4 Bc5 5. Nb3 Bb6 6. Nc3 d6 7. Nd5 Nf6 8.
Nxb6 axb6 9. Bd3 h6 10. O-O O-O 11. c4 Be6 12. Nd2 Nb4 13. Bb1 b5 14. b3 bxc4
15. bxc4 Qd7 16. Bb2 Qa4 17. Qc1 Nd7 18. f4 f6 19. Rf3 Rfe8 20. Rg3 Bf7 21. Qc3
Nc6 22. Qf3 Re7 23. a3 Qa5 24. Bc3 Qc5+ 25. Kh1 Bh5 26. Qd3 Kf8 27. e5 dxe5 28.
Qh7 Ke8 29. Qg8+ Nf8 30. Ne4 Rd7 31. Bc2 Qe7 32. fxe5 Nxe5 33. Rf1 Be2 34. Re1
Bxc4 35. Qh8 Rxa3 36. h3 b5 37. Rge3 b4 38. Nxf6+ gxf6 39. Bxe5 Rxe3 40. Rxe3
fxe5 41. Rxe5 Rd6 42. Rxe7+ Kxe7 43. Qg7+ Bf7 44. Bb3 Ne6 45. Qxh6 c5 46. Qh4+
Ke8 47. Qf6 Kf8 48. h4 Rc6 49. Bd5 Rb6 50. Bb3 Rc6 51. Qf3 Rd6 52. h5 1-0